Regional capitals of Italy - Statistics

General Stats
  • This quiz has been taken 177 times
  • The average score is 16 of 20
Answer Stats
Region Capital % Correct
Lazio Rome
99%
Veneto Venice
99%
Tuscany Florence
97%
Lombardy Milan
97%
Campania Naples
93%
Sicily Palermo
92%
Apulia Bari
91%
Liguria Genoa
91%
Piedmont Turin
91%
Emilia-Romagna Bologna
86%
Aosta Valley Aosta
80%
Sardinia Cagliari
78%
Trentino-South Tyrol Trento
76%
Friuli-Venezia Giulia Trieste
75%
Abruzzo L'Aquila
65%
Umbria Perugia
63%
Marche Ancona
57%
Calabria Catanzaro
56%
Basilicata Potenza
50%
Molise Campobasso
49%
No matching quizzes found
Score Distribution
Percent of People with Each Score
Percentile by Number Answered
Your Score History
You have not taken this quiz